000 00663nam a2200229 a 4500
005 20140310183243.0
008 020823s19uu xx 00 eng d
020 _a013099183X
050 _aQA 76.758
_b.G47 2003
100 _aGhezzi, Carlo
245 _aFundamentals of software engineering /
_cCarlo Ghezzi ... [et al.].
250 _a2nd ed
260 _aN.J :
_bPrentice Hall,
_c2003.
300 _axx, 604 p. ;
_bill. ;
_c24 cm.
500 _aIncludes bibliography (p. 560-588) and index.
521 _aIT
650 _aSoftware engineering.
700 _aJazayeri, Mehdi
700 _aMandrioli, Dino
942 _cBK
_2lcc
_kFOR
999 _c20646
_d20646